Quizzes
Events
Quiz Creation
Community
Videos
Private Events
Remove Ads
Sign In
Join for FREE
Feedback
Dark Mode
Quiz Categories
Sports
Geography
Music
Movies
Television
Just For Fun
Miscellaneous
History
Literature
Language
Science
Gaming
Entertainment
Religion
Holiday
For Kids
Quiz Lab
Recent
Popular Today
Quiz Kudos Today
Editor Picks
Curator Picks
Quizzes by...
Day
Popularity
Type
Ratings
Length
Year
Community
Subscriptions
Recent Discussions
Orange Saloon
Badges
Playlists
Quests
Create
Leaderboards
Showdown
Live 5
Trivia Bingo
Activity
Puzzle Library
Sporcle Events
Private Events
Virtual Trivia
Globe League
Become a Host
Pub Owners
SporcleCon
Opinionation
Our Games
Videos
Blog
Mobile Apps
Partnerships
Remove Ads and Go Orange
Feedback
Sports
Athletes
MLB
NBA
NHL
NFL
Soccer
Sports Teams
WWE
NCAA
Football
Premier League
Basketball
Baseball
Hockey
Golf
Tennis
Cricket
Rugby
Auto Racing
Olympics
World Cup
Sports
Athletes
MLB
NBA
NHL
NFL
Soccer
Sports Teams
WWE
NCAA
Football
Premier League
Basketball
Baseball
Hockey
Golf
Tennis
Cricket
Rugby
Auto Racing
Olympics
World Cup
Random Quiz
Search Sporcle
×
Quiz Lab
Quiz Lab
Sports
World
Type in answers that appear in a list
Type in answers that appear in a list
Classic
Best Score? Go Orange.
World of Outlaws Feature Wins Stats
Can you name the World Of Outlaws Feature Winners?
By
astrozombie
10m
66 Questions
164 Plays
164 Plays
164 Plays
Comments
Comments
Give Quiz Kudos
Give Quiz Kudos
-
- Ratings
hide this ad
Replay
Link that replays current quiz
Next Quiz
Link to next quiz in quiz playlist
You Got
0%
They Got
Avg Score
42%
Avg Friend Score
Upgrade to see
Score Distribution
Jump to the score distribution portion of the page
Score
0/66
Timer
10:00
0
Plays Today
feature wins
Driver
% Correct
570
Steve Kinser
98.8%
153
Mark Kinser
95.7%
113
Donny Schatz
95.1%
276
Sammy Swindell
94.5%
10
Kraig Kinser
91.5%
30
Jeff Swindell
87.8%
70
Dave Blaney
78%
6
Dale Blaney
76.8%
87
Danny Lasoski
76.2%
107
Doug Wolfgang
73.8%
67
Stevie Smith
70.1%
3
Steve Smith
68.3%
78
Joey Saldana
67.7%
8
Danny Smith
67.7%
3
Shane Stewart
66.5%
34
Daryn Pittman
65.2%
56
Jac Haudenschild
61%
46
Bobby Davis
59.1%
25
Bobby Allen
56.7%
56
Jason Meyers
55.5%
6
Fred Rahmer
53.7%
44
Craig Dollansky
52.4%
12
Greg Hodnett
51.8%
7
Lance Dewease
51.8%
12
Jason Sides
50%
2
Cody Darrah
47%
9
Terry McCarl
44.5%
15
Tim Shaffer
43.3%
11
Brad Doty
42.1%
7
Tyler Walker
40.2%
2
Kerry Madsen
40.2%
6
Tim Kaeding
39.6%
4
Brent Kaeding
39%
feature wins
Driver
% Correct
30
Andy Hillenberg
37.8%
12
Paul McMahan
36%
16
Rick Ferkel
34.1%
11
Brooke Tatnell
32.9%
3
Jack Hewitt
32.9%
9
Donnie Krietz
32.3%
6
Kenny Jacobs
32.3%
3
Chad Kemenah
28.7%
10
Johnny Herrera
27.4%
8
Joe Gaerte
27.4%
2
Frankie Kerr
26.8%
14
Ron Shuman
25.6%
9
Tim Green
24.4%
5
Keith Kauffman
23.8%
2
Billy Pauch
23.8%
4
Brian Paulus
23.2%
2
Doug Esh
23.2%
4
Gary Wright
22%
4
Jeff Shepard
17.7%
3
Danny Wood
17.7%
6
Lynn Paxton
16.5%
3
Brad Furr
15.2%
6
Jimmy Sills
14%
3
Shane Carson
14%
2
Lealand McSpadden
13.4%
2
Randy Hannagan
12.8%
2
Jason Solwold
12.8%
2
Kramer Williamson
12.8%
2
Smokey Snellbaker
12.2%
4
Johnny Anderson
10.4%
3
Dub May
9.8%
4
Lee Osborne
7.3%
3
Lee James
6.1%
Quiz Playlist
Details
Report
Send in Message
Add To Playlist
Classic:
Type in answers that appear in a list
Quiz Source
Last Updated: Feb 16, 2017
Quiz Scoreboard
CHALLENGE
Sign Up to Join the Scoreboard
Show All
Scores
Hide
Comments
May contain spoilers
Recently Published
Popular People in 1961
by mucciniale
History
6m
1-10 Letter E Words III
by El_Dandy
Language
2m
One Thing in Common: World Cities II
by knightlancer
Geography
7m
More to Explore
Quiz From the Vault
Featured Blog Post
Where Did the Easter Bunny Come From?
hide this ad
You Might Also Like...
Tags
World Quiz
Driver
feature
Outlaw
Win
Today's Top Quizzes in Sports
Browse Sports
hide this ad
Today's Top Quizzes in World
Browse World
Top Contributed Quizzes in Sports
1
2022 World Cup Stars
2
Les entraîneurs de l'OM et du PSG au 21e siècle
3
FIFA Club World Cup Champions
4
Criteria MLB: Left Handed Sluggers
5
Les meilleurs buteurs des matchs entre le PSG et l’OM
6
Name the Premier League winners with different clubs
7
Players with Multiple 50 Home Run Seasons
8
MLB Players with Two .350 Batting Average Seasons
9
La finale Lions - Afrique du Sud 2021
10
MLB Hall of Famer by Rings
Explore More
Trending Topics
Anime
Harry Potter
Kpop
Crossword
Disney
NBA
Marvel
Puzzle
WWE
The Office
NFL
Country
Song
Soccer
Pokémon
hide this ad
More By:
astrozombie
Quiz
Plays
Rating
Category
Featured
Created
NFL Starting QBs (Indianapolis Colts)
50,970
4.46
Sports
Aug 17, 2010
Cincinnati Bengals 1st round draft picks
818
5.00
Sports
Nov 20, 2009
Most Successful Movies of the 80's
694
3.10
Movies
Nov 21, 2009
Notre Dame all time leading rushers
580
3.67
Sports
Nov 27, 2009
Cincinnati Bengals Starting Quarterbacks
442
5.00
Sports
Aug 16, 2010
Go to Creator's Profile
Score Distribution
Quiz Creator Spotlight
astrozombie
Follow
Send a Message
Quizzes Created
-
Created Quiz Play Count
-
More By This Creator
Popular Quizzes Today
1
Find the US States - No Outlines Minefield
2
The Countries of the World
3
Popular People in 1961
4
Find the Countries of Europe - No Outlines Minefield
5
1-10 Letter E Words III
6
Find the US States
7
One Thing in Common: World Cities II
8
US States
More Sports Quizzes
Арсенал - МЮ. Бомбардиры
Quiz Lab
Trending Quizzes
Country Music Stars Doing Things
Get the Picture: Carrie or Dolly
1-10 Letter F Words
1-10 Letter G Words
Risky Map Clicking: Next State Alphabetically
Recently Updated
Leaping Animals
pecheneg
Reality TV Shows (A-Z)
bhenderson79
Rickey Henderson's Hall of Fame Teammates
pecheneg
Champions League XIs: Arsenal
pecheneg
Quick Pick: Celebrities in WWE's Hall of Fame
aduchscher
A-Z Keypad Blitz II
pecheneg
Multiple Oscar Actors
pecheneg
Mystery Phrase Blitz: Oscar 'Best Actors'
pecheneg
F. Scott Fitzgerald Novels
LTH
Pick 3 Villains
ddd62291
Trending Topics
Kpop
Anime
Marvel
Disney
Harry Potter
NBA
Crossword
NFL
The Office
WWE
Soccer
Song
Pokémon
Puzzle
Country
Your Account Isn't Verified!
In order to create a playlist on Sporcle, you need to verify the email address you used during registration. Go to your
Sporcle Settings
to finish the process.
Report this User
Report this user for behavior that violates our
Community Guidelines
.
Details:
Send Report
Go to the Sporcle.com Mobile Site →
Comments